Statistics for Biggest Cities in Norway • A-Å

Click here to take the quiz!

General Stats

  • This quiz has been taken 83 times
  • The average score is 10 of 20

Answer Stats

#Norwegian City / Town% Correct
BBergen
97%
OOslo
97%
SStavanger
83%
TTrondheim
83%
KKristiansand
76%
ÅÅlesund
74%
DDrammen
71%
FFredrikstad
62%
AArendal
50%
LLarvik
45%
NNarvik
42%
PPorsgrunn
42%
MMoss
38%
HHaugesund
33%
GGjøvik
29%
JJessheim
23%
EElverum
18%
UUlsteinvik
12%
VVennesla
12%
RRåholt
6%

Score Distribution

Percentile by Number Answered

Percent of People with Each Score

Your Score History

You have not taken this quiz